Most common 20 languages in Edmonton (Canada) - Statistics

General Stats
  • This quiz has been taken 58 times
  • The average score is 14 of 20
Answer Stats
Hint Answer % Correct
16180 French
98%
12940 Spanish
93%
3700 Portuguese
87%
3860 Russian
87%
10730 German
85%
11180 Arabic
80%
5910 Hindi
80%
4550 Italian
80%
7105 Mandarin
80%
10310 Ukrainian
80%
4115 Korean
72%
19665 Tagalog
72%
8160 Polish
70%
18505 Punjabi
70%
13250 Cantonese
65%
5570 Urdu
63%
7835 Vietnamese
61%
3345 Farsi
57%
3285 Gujarati
26%
3495 Somali
20%
No matching quizzes found
Score Distribution
Percent of People with Each Score
Percentile by Number Answered
Your Score History
You have not taken this quiz